000 00306nam a2200121Ia 4500
005 20260326100032.0
008 260326s9999||||xx |||||||||||||| ||und||
100 _aBalfour, Alan
245 0 _aCreating a new parliament /
_cAlan Balfour
260 _bFinlay Brown
650 _aARQUITECTURA CIVIL
942 _cBK
999 _c6643
_d6643